| 000 | 01602 a2200217 4500 | ||
|---|---|---|---|
| 001 | 17267 | ||
| 005 | 20260407155459.0 | ||
| 008 | 260407a1967 arg spa d | ||
| 003 | AR-UNSa-BCEJYS | ||
| 040 |
_aAR-UNSa-BCEJYS _bspa _cAR-UNSa-BCEJYS |
||
| 080 |
_a657.47 _xContabilidad de Costos |
||
| 245 | 1 | 0 |
_aContabilidad de costos _pprincipios y práctica |
| 250 | _a2a. ed. | ||
| 264 | 1 |
_aMéxico : _bUnión Tipográfica Editorial Hispano-Americana (UTEHA) _c1967 |
|
| 300 |
_a959 p. _c22 cm. |
||
| 505 | _a1. Naturaleza y amplitud del campo de la contabilidad de costos - 2. El ciclo de la contabilidad de costos en un sistema por órdenes específicas-Modelos - 3. El ciclo de la contabilidad de costos en un sistema por órdenes específicas - Asientos y estados de contabilidad - 4. Los libros de contabilidad en un sistema de contabilidad de costos - 5. El control de los materiales en la contabilidad de costos. Parte I: Compra, recepción y almacenamiento - 6. El control de los materiales en la contabilidad de costos. Parte II: Entrega, valuación y registros de inventarios - 7. La contabilidad financiera de la mano de obra en el sistema de contabilidad de costos - 8. Análisis y distribución de la nómina de la fábrica desde el punto de vista de la contabilidad de costos - 9. La carga fabril aplicada como elemento del costo - 10. Departamentalización de los costos indirectos de fabricación - 11. Resúmenes de costos y estados financieros | ||
| 942 | _cBK | ||
| 590 | _aniveau_biblio:m niveau_hierar:0 | ||
| 100 | 1 | _aNeuner, John J.W. | |
| 700 | 1 | _aFernández Cepero, Manuel de J. | |
| 999 |
_c723 _d723 |
||